[Event "Wch Juvenil 2013 sub-16 femenino"]
[Site "Al-Ain UAE"]
[Date "2013.12.19"]
[Round "2.39"]
[White "Hiebler, Laura"]
[Black "Ait Abbas, Nesrine"]
[Result "1-0"]
[WhiteElo "1840"]
[BlackElo "1444"]
[PlyCount "65"]
[EventDate "2013.12.19"]
[EventType "swiss"]
[EventRounds "11"]
[EventCountry "UAE"]
[Source "lmi"]
[SourceDate "2013.12.19"]

1. e4 c6 2. c4 d5 3. cxd5 cxd5 4. exd5 Qxd5 5. Nc3 Qd8 6. Nf3 Nc6 7. Bc4 Bg4 8.
Bxf7+ Kxf7 9. Ng5+ Ke8 10. Qxg4 Nf6 11. Qe6 Qd7 12. Qf7+ Kd8 13. Ne6+ Kc8 14.
Nxf8 Qe8 15. Qxe8+ Nxe8 16. Ne6 g6 17. d4 Nb4 18. O-O Nf6 19. Bf4 Nbd5 20. Nxd5
Nxd5 21. Be5 Rg8 22. Rfc1+ Kd7 23. Nc7 Nxc7 24. Rxc7+ Ke6 25. Re1 Kf7 26. Bd6
Rge8 27. Rexe7+ Rxe7 28. Rxe7+ Kg8 29. Rxb7 Rc8 30. Bc5 Re8 31. g3 Re2 32. Bxa7
Re8 33. Rb8 1-0

[Event "Wch Juvenil 2013 sub-16 femenino"]
[Site "Al-Ain UAE"]
[Date "2013.12.19"]
[Round "2.40"]
[White "Ebeling, Gabriela"]
[Black "Karimi, Yeganeh"]
[Result "0-1"]
[WhiteElo "1570"]
[BlackElo "1839"]
[PlyCount "72"]
[EventDate "2013.12.19"]
[EventType "swiss"]
[EventRounds "11"]
[EventCountry "UAE"]
[Source "lmi"]
[SourceDate "2013.12.19"]

1. e4 e6 2. d4 d5 3. Nc3 Nf6 4. e5 Nfd7 5. Nf3 c5 6. Bf4 Nc6 7. dxc5 Bxc5 8.
Bb5 O-O 9. O-O a6 10. Bxc6 bxc6 11. Qd3 Be7 12. Rfe1 Bb7 13. Rad1 c5 14. b3 Rc8
15. Nd2 f5 16. Kh1 g5 17. Qg3 Kh8 18. Ne2 gxf4 19. Nxf4 Rg8 20. Qh3 Nf8 21. Re3
Bg5 22. Qg3 Bxf4 23. Qxf4 Qg5 24. Qxg5 Rxg5 25. Rh3 Nd7 26. Nf3 Rg7 27. Rd3
Rcg8 28. Rg3 d4 29. Rxg7 Rxg7 30. Ne1 Nxe5 31. Rd2 Nc6 32. a3 e5 33. Re2 e4 34.
f3 Ne5 35. fxe4 fxe4 36. Rf2 Rf7 0-1

[Event "Wch Juvenil 2013 sub-16 femenino"]
[Site "Al-Ain UAE"]
[Date "2013.12.19"]
[Round "2.41"]
[White "Samudin, Elina"]
[Black "Smaraki, Mohanty"]
[Result "0-1"]
[WhiteElo "1564"]
[BlackElo "1837"]
[PlyCount "52"]
[EventDate "2013.12.19"]
[EventType "swiss"]
[EventRounds "11"]
[EventCountry "UAE"]
[Source "lmi"]
[SourceDate "2013.12.19"]

1. d4 Nf6 2. c4 e6 3. Nc3 c5 4. e3 d5 5. cxd5 Nxd5 6. Nxd5 Qxd5 7. Nf3 Nc6 8.
dxc5 Qxd1+ 9. Kxd1 Bxc5 10. Bd2 O-O 11. Rc1 Bb6 12. Bb5 Bd7 13. Ke2 a6 14. Bd3
h6 15. Rc2 e5 16. Be4 Rfe8 17. Bc3 Nd4+ 18. Bxd4 exd4 19. Bd3 dxe3 20. fxe3
Rxe3+ 21. Kd2 Rd8 22. Re1 Rxd3+ 23. Kxd3 Bf5+ 24. Kc3 Rc8+ 25. Kd2 Rxc2+ 26.
Kd1 Rxg2 0-1

[Event "Wch Juvenil 2013 sub-16 femenino"]
[Site "Al-Ain UAE"]
[Date "2013.12.19"]
[Round "2.42"]
[White "Alboredo, Julia"]
[Black "Gamage, Yasasmi Umarusiru"]
[Result "1/2-1/2"]
[WhiteElo "1830"]
[BlackElo "1435"]
[PlyCount "66"]
[EventDate "2013.12.19"]
[EventType "swiss"]
[EventRounds "11"]
[EventCountry "UAE"]
[Source "lmi"]
[SourceDate "2013.12.19"]

1. e4 e6 2. d4 d5 3. Nd2 c5 4. exd5 Qxd5 5. Ngf3 Nc6 6. Bc4 Qd8 7. O-O Nf6 8.
Nb3 cxd4 9. Nbxd4 Bd7 10. Qe2 Bc5 11. Nb3 Be7 12. Bf4 O-O 13. Rad1 a6 14. a4
Qe8 15. Rd2 Na7 16. a5 Ba4 17. Rfd1 Nh5 18. Bc7 Qc6 19. Rd7 Bxb3 20. cxb3 Bc5
21. g3 Nf6 22. Ne5 Qe4 23. Qxe4 Nxe4 24. Nd3 Nc6 25. Bb6 Bxb6 26. axb6 Rab8 27.
Nf4 Nf6 28. Rc7 Ne8 29. Rcd7 Nf6 30. Rc7 Ne8 31. Rcd7 Nf6 32. Rc7 Ne8 33. Rcd7
Nf6 1/2-1/2

[Event "Wch Juvenil 2013 sub-16 femenino"]
[Site "Al-Ain UAE"]
[Date "2013.12.19"]
[Round "2.43"]
[White "Kavya Srishti, K."]
[Black "Suchomelova, Simona"]
[Result "0-1"]
[WhiteElo "1442"]
[BlackElo "1827"]
[PlyCount "66"]
[EventDate "2013.12.19"]
[EventType "swiss"]
[EventRounds "11"]
[EventCountry "UAE"]
[Source "lmi"]
[SourceDate "2013.12.19"]

1. d4 d5 2. Nf3 Nf6 3. e3 Bg4 4. c4 e6 5. Nc3 c6 6. Be2 Nbd7 7. O-O Bd6 8. c5
Bc7 9. b4 O-O 10. a4 Bxf3 11. Bxf3 e5 12. b5 e4 13. Be2 Ne8 14. Rb1 f5 15. bxc6
bxc6 16. Ba6 Qh4 17. g3 Qh3 18. Re1 Ndf6 19. Bf1 Qh6 20. h3 g5 21. Qd2 Ng7 22.
Rb7 Ne6 23. Ne2 Rf7 24. Rb1 Qg6 25. Kh1 h5 26. Bg2 Kh7 27. Rg1 Qh6 28. Re1 Rg7
29. Rb3 h4 30. Kg1 g4 31. Kh2 hxg3+ 32. Nxg3 gxh3 33. Bxh3 Ng5 0-1

[Event "Wch Juvenil 2013 sub-16 femenino"]
[Site "Al-Ain UAE"]
[Date "2013.12.19"]
[Round "2.44"]
[White "Golubeva, Marija"]
[Black "Terubea, Cydel"]
[Result "1-0"]
[WhiteElo "1825"]
[BlackElo "1262"]
[PlyCount "35"]
[EventDate "2013.12.19"]
[EventType "swiss"]
[EventRounds "11"]
[EventCountry "UAE"]
[Source "lmi"]
[SourceDate "2013.12.19"]

1. e4 e5 2. Nf3 Nc6 3. Bb5 d6 4. O-O Bd7 5. c3 a6 6. Ba4 b5 7. Bc2 Na7 8. d4
exd4 9. cxd4 Bg4 10. h3 Bxf3 11. Qxf3 Qf6 12. Qc3 c5 13. e5 Qh4 14. exd6 Qxd4
15. Re1+ Kd8 16. Qf3 Rb8 17. Qxf7 Nf6 18. Qc7# 1-0

[Event "Wch Juvenil 2013 sub-16 femenino"]
[Site "Al-Ain UAE"]
[Date "2013.12.19"]
[Round "2.45"]
[White "Mira, Sarhan"]
[Black "Bulmaga, Elena"]
[Result "1/2-1/2"]
[WhiteElo "1312"]
[BlackElo "1820"]
[PlyCount "85"]
[EventDate "2013.12.19"]
[EventType "swiss"]
[EventRounds "11"]
[EventCountry "UAE"]
[Source "lmi"]
[SourceDate "2013.12.19"]

1. d4 Nf6 2. Nf3 e6 3. e3 Bb4+ 4. Nbd2 O-O 5. Bd3 b6 6. O-O Bb7 7. b3 d6 8. Bb2
Bxd2 9. Nxd2 Nbd7 10. c4 e5 11. d5 Nc5 12. Bc2 a5 13. Nf3 Bc8 14. h3 Bd7 15. a4
Qc8 16. Kh2 Nfe4 17. Nd2 f5 18. Nxe4 fxe4 19. f3 Bf5 20. fxe4 Bxe4 21. Bxe4
Nxe4 22. Qd3 Nc5 23. Qc2 Qd7 24. Ba3 Qe7 25. Bxc5 bxc5 26. Rf5 Rxf5 27. Qxf5
Rf8 28. Qd3 Qg5 29. Qd2 e4 30. Re1 Qe5+ 31. Kh1 Qg3 32. Kg1 h6 33. Rf1 Rb8 34.
Qc3 Rf8 35. Rxf8+ Kxf8 36. Qd2 Ke7 37. Qf2 Qg5 38. Kh1 Qf6 39. Qxf6+ Kxf6 40.
Kh2 g5 41. g4 Ke7 42. Kg3 Kd7 43. Kf2 1/2-1/2

[Event "Wch Juvenil 2013 sub-16 femenino"]
[Site "Al-Ain UAE"]
[Date "2013.12.19"]
[Round "2.48"]
[White "Bermudez Veliz, Josselyn"]
[Black "Head, Louise"]
[Result "1/2-1/2"]
[BlackElo "1786"]
[PlyCount "105"]
[EventDate "2013.12.19"]
[EventType "swiss"]
[EventRounds "11"]
[EventCountry "UAE"]
[Source "lmi"]
[SourceDate "2013.12.19"]
[WhiteElo "1679"]

1. Nf3 d5 2. g3 Nf6 3. Bg2 c5 4. O-O Nc6 5. d3 e5 6. Nbd2 Be6 7. b3 Be7 8. Bb2
Nd7 9. Rc1 h5 10. e4 d4 11. c3 h4 12. cxd4 exd4 13. a3 Nde5 14. Qc2 Qd7 15.
Nxe5 Nxe5 16. f4 Ng4 17. f5 hxg3 18. Nf3 Ne3 19. fxe6 Qxe6 20. Qe2 Nxf1 21.
Rxf1 gxh2+ 22. Kh1 g5 23. Bc1 f6 24. Qc2 Rc8 25. Nd2 b5 26. Rf5 Bd6 27. Nf1 Rh4
28. Qf2 Be5 29. Nd2 Rf4 30. Rxf4 Bxf4 31. Qf3 Rc7 32. Bh3 Qf7 33. Bg4 Kf8 34.
Qh3 Qh7 35. Bh5 g4 36. Qxg4 Qg7 37. Qd1 Qh6 38. Qf1 Rg7 39. Nf3 Bxc1 40. Qh3
Rc7 41. Qxh2 Bf4 42. Qh3 Kg8 43. Qe6+ Kh8 44. Qe8+ Kh7 45. Nh4 Rg7 46. Nf5 Qg5
47. Nxg7 Qxg7 48. Qf7 a5 49. Qxg7+ Kxg7 50. Be2 Kg6 51. Kg2 Kg5 52. Kf3 Bd6 53.
a4 1/2-1/2

[Event "Wch Juvenil 2013 sub-16 femenino"]
[Site "Al-Ain UAE"]
[Date "2013.12.20"]
[Round "3.2"]
[White "Wafa, Shrook"]
[Black "Styazhkina, Anna"]
[Result "0-1"]
[WhiteElo "2010"]
[BlackElo "2241"]
[PlyCount "128"]
[EventDate "2013.12.19"]
[EventType "swiss"]
[EventRounds "11"]
[EventCountry "UAE"]
[Source "lmi"]
[SourceDate "2013.12.19"]

1. e4 e5 2. Nf3 Nc6 3. Bb5 g6 4. c3 a6 5. Ba4 Bg7 6. d4 exd4 7. cxd4 b5 8. Bc2
d6 9. O-O Nge7 10. d5 Na5 11. Nc3 Nc4 12. Rb1 O-O 13. Ne2 Bg4 14. b3 Nb6 15.
Nf4 g5 16. Ne2 Bxf3 17. gxf3 Ng6 18. Ng3 Nd7 19. Kh1 Nde5 20. Nh5 h6 21. Rg1
Kh8 22. Nxg7 Kxg7 23. f4 gxf4 24. Bxf4 Kh7 25. Be3 Qh4 26. f3 Rg8 27. Qe2 Nf4
28. Qf2 Qxf2 29. Bxf2 Nxf3 30. Rxg8 Rxg8 31. Bg3 Ng6 32. Rc1 Nfe5 33. Bd1 Rc8
34. Be2 Kg7 35. h4 f6 36. h5 Ne7 37. Bxe5 dxe5 38. Bg4 f5 39. Bxf5 Nxf5 40.
exf5 Kf6 41. Rc6+ Kxf5 42. d6 Kg5 43. dxc7 Kxh5 44. Kg2 Kg4 45. Rxh6 Rxc7 46.
Rxa6 Rc2+ 47. Kf1 Kf3 48. Ke1 e4 49. a4 b4 50. Rb6 Rb2 51. Rh6 Rb1+ 52. Kd2 e3+
53. Kd3 Rd1+ 54. Kc4 e2 55. Rf6+ Kg4 56. Re6 e1=Q 57. Rxe1 Rxe1 58. Kxb4 Kf5
59. Kc5 Ke6 60. a5 Kd7 61. b4 Kc7 62. b5 Ra1 63. Kb4 Kb7 64. b6 Kc6 0-1

[Event "Wch Juvenil 2013 sub-16 femenino"]
[Site "Al-Ain UAE"]
[Date "2013.12.20"]
[Round "3.4"]
[White "Hong, Xing"]
[Black "Osmak, Iulija"]
[Result "1-0"]
[WhiteElo "1980"]
[BlackElo "2212"]
[PlyCount "113"]
[EventDate "2013.12.19"]
[EventType "swiss"]
[EventRounds "11"]
[EventCountry "UAE"]
[Source "lmi"]
[SourceDate "2013.12.19"]

1. e4 e6 2. d4 d5 3. exd5 exd5 4. Nf3 Nc6 5. Bd3 Bg4 6. c3 Bd6 7. O-O Nge7 8.
Re1 Qd7 9. Nbd2 O-O 10. Qc2 Bf5 11. Nf1 Bxd3 12. Qxd3 Ng6 13. Ne3 Rfe8 14. Bd2
Nce7 15. g3 c6 16. h4 Nf8 17. Re2 Qe6 18. Ng2 Qg6 19. Qxg6 Nexg6 20. Rae1 Rxe2
21. Rxe2 h5 22. Nfe1 Nd7 23. Nd3 Nf6 24. Ngf4 Nf8 25. Kg2 g6 26. f3 Kg7 27. Kf2
N8d7 28. Ne5 Re8 29. Nfd3 Bxe5 30. dxe5 Nh7 31. g4 Nhf8 32. Kg3 Ne6 33. gxh5
gxh5 34. Nf4 Nxf4 35. Kxf4 Re6 36. Kf5 Kf8 37. b3 b6 38. Bf4 Nc5 39. Rd2 Rg6
40. c4 dxc4 41. bxc4 Ne6 42. Rd7 Rg2 43. Rxa7 Rb2 44. Bh6+ Kg8 45. f4 Rg2 46.
a4 Nd4+ 47. Ke4 Nb3 48. Bg5 Nd2+ 49. Kd3 Nb3 50. Ke4 Nd2+ 51. Kf5 Nxc4 52. Bf6
Ne3+ 53. Ke4 Re2 54. Kd3 Re1 55. Kd2 Ng2 56. Ra8+ Kh7 57. f5 1-0

[Event "Wch Juvenil 2013 sub-16 femenino"]
[Site "Al-Ain UAE"]
[Date "2013.12.20"]
[Round "3.5"]
[White "Virkud, Apurva"]
[Black "Gu, Tianlu"]
[Result "0-1"]
[WhiteElo "1969"]
[BlackElo "2128"]
[PlyCount "77"]
[EventDate "2013.12.19"]
[EventType "swiss"]
[EventRounds "11"]
[EventCountry "UAE"]
[Source "lmi"]
[SourceDate "2013.12.19"]

1. d4 d5 2. c4 c6 3. e3 Nf6 4. Nc3 g6 5. Nf3 Bg7 6. Qb3 O-O 7. Bd3 dxc4 8. Bxc4
b5 9. Be2 Bf5 10. O-O Nbd7 11. a4 a6 12. axb5 axb5 13. Bd2 Qc7 14. h3 h6 15.
Rxa8 Rxa8 16. Rc1 Qd6 17. Nb1 Ra4 18. Bd3 Bxd3 19. Qxd3 e5 20. Nc3 Ra7 21. Qc2
exd4 22. Nxd4 Kh7 23. Nce2 b4 24. Be1 c5 25. Nb3 Ra2 26. Nf4 Bf8 27. Nd3 Ne4
28. Qc4 Ng5 29. h4 Ne6 30. Nbxc5 Ndxc5 31. Bxb4 Qxd3 32. Qxa2 Nb3 33. Rc3 Qd1+
34. Kh2 Bxb4 35. Rxb3 Bd6+ 36. f4 Qe1 37. Rb7 Qxe3 38. Qb1 Qxf4+ 39. Kh1 0-1

[Event "Wch Juvenil 2013 sub-16 femenino"]
[Site "Al-Ain UAE"]
[Date "2013.12.20"]
[Round "3.8"]
[White "Parnali, S Dharia"]
[Black "Wozniak, Mariola"]
[Result "0-1"]
[WhiteElo "1895"]
[BlackElo "2079"]
[PlyCount "50"]
[EventDate "2013.12.19"]
[EventType "swiss"]
[EventRounds "11"]
[EventCountry "UAE"]
[Source "lmi"]
[SourceDate "2013.12.19"]

1. d4 d5 2. c4 dxc4 3. Nf3 Nf6 4. Nc3 a6 5. a4 Nc6 6. a5 e6 7. e4 Bb4 8. e5 Nd5
9. Bd2 Bxa5 10. Bxc4 Bb4 11. O-O Nb6 12. Bd3 Nxd4 13. Ng5 Bxc3 14. bxc3 Nb3 15.
Qh5 g6 16. Qh6 Nxd2 17. Qg7 Qxg5 18. Qxh8+ Ke7 19. f4 Qh4 20. g3 Qh6 21. Qf6+
Ke8 22. Rfd1 Nf3+ 23. Kg2 Nd5 24. Qh8+ Ke7 25. Kxf3 b5 0-1

[Event "Wch Juvenil 2013 sub-16 femenino"]
[Site "Al-Ain UAE"]
[Date "2013.12.20"]
[Round "3.9"]
[White "Uzlavataya, Anhelina"]
[Black "Haussernot, Cecile"]
[Result "1-0"]
[WhiteElo "1892"]
[BlackElo "2062"]
[PlyCount "95"]
[EventDate "2013.12.19"]
[EventType "swiss"]
[EventRounds "11"]
[EventCountry "UAE"]
[Source "lmi"]
[SourceDate "2013.12.19"]

1. Nf3 c5 2. g3 Nc6 3. d4 cxd4 4. Nxd4 g6 5. Bg2 Bg7 6. Nb3 Nf6 7. e4 d6 8. O-O
h5 9. h3 O-O 10. Nc3 Be6 11. Be3 Qd7 12. Kh2 Ne5 13. Nd4 Bc4 14. Re1 Ba6 15. b3
Rac8 16. Nd5 Ne8 17. c4 Nc6 18. Rc1 Nc7 19. Qd2 e6 20. Nxc6 bxc6 21. Nb4 Bb7
22. Bxa7 f5 23. Bc5 Rcd8 24. Rcd1 f4 25. e5 Rf5 26. Qxd6 Qxd6 27. Rxd6 Rxd6 28.
Bxd6 fxg3+ 29. fxg3 Ne8 30. Kg1 Nxd6 31. exd6 Bd4+ 32. Kh1 c5 33. Bxb7 cxb4 34.
d7 Rf8 35. Rd1 e5 36. c5 Kg7 37. c6 Bb6 38. Rc1 Bc7 39. Kg2 g5 40. Rc4 Kf6 41.
Rxb4 Ke6 42. a4 Kd5 43. Rb5+ Kd4 44. Ba6 Ke3 45. Rb7 Rf2+ 46. Kg1 Ba5 47. b4
Bd8 48. c7 1-0

[Event "Wch Juvenil 2013 sub-16 femenino"]
[Site "Al-Ain UAE"]
[Date "2013.12.20"]
[Round "3.10"]
[White "Velikic, Adela"]
[Black "Wafa, Shahenda"]
[Result "1-0"]
[WhiteElo "2055"]
[BlackElo "1883"]
[PlyCount "39"]
[EventDate "2013.12.19"]
[EventType "swiss"]
[EventRounds "11"]
[EventCountry "UAE"]
[Source "lmi"]
[SourceDate "2013.12.19"]

1. e4 c5 2. Nf3 Nc6 3. d4 cxd4 4. Nxd4 Nf6 5. Nc3 e5 6. Ndb5 d6 7. Bg5 a6 8.
Na3 b5 9. Nd5 Qa5+ 10. Bd2 Qd8 11. Bd3 Be6 12. c4 bxc4 13. Nxf6+ Qxf6 14. Nxc4
Bxc4 15. Bxc4 Qg6 16. O-O Nd4 17. Bc3 Qxe4 18. Re1 Qc6 19. Qxd4 Be7 20. Qd5 1-0

[Event "Wch Juvenil 2013 sub-16 femenino"]
[Site "Al-Ain UAE"]
[Date "2013.12.20"]
[Round "3.11"]
[White "Grgic, Neomi"]
[Black "Harazinska, Ewa"]
[Result "0-1"]
[WhiteElo "1882"]
[BlackElo "2050"]
[PlyCount "88"]
[EventDate "2013.12.19"]
[EventType "swiss"]
[EventRounds "11"]
[EventCountry "UAE"]
[Source "lmi"]
[SourceDate "2013.12.19"]

1. e4 c5 2. Nf3 d6 3. d4 cxd4 4. Nxd4 Nf6 5. Nc3 a6 6. Bg5 e6 7. Qf3 h6 8. Be3
Qc7 9. O-O-O b5 10. e5 Bb7 11. Bxb5+ axb5 12. Ndxb5 Qc8 13. Qg3 Ne4 14. Nxe4
Bxe4 15. Nc3 Bf5 16. exd6 Rxa2 17. Kb1 Ra8 18. Rd4 Nd7 19. Rhd1 Ra6 20. Qh4 Rh7
21. Rc4 Qa8 22. Ra4 Rxa4 23. Qxa4 Qxa4 24. Nxa4 g5 25. Ka2 f6 26. Kb3 Be4 27.
f3 Bc6 28. c4 Rg7 29. Ka3 g4 30. b4 gxf3 31. b5 Be4 32. c5 Ne5 33. Rd4 Bd5 34.
Nb6 fxg2 35. Nxd5 exd5 36. Bg1 Nf3 37. Rd1 Nxg1 38. Rxg1 Kd7 39. Kb3 f5 40. Kc3
f4 41. Kd4 Rg5 42. h4 Bg7+ 43. Kd3 Rg3+ 44. Ke2 Bd4 0-1

[Event "Wch Juvenil 2013 sub-16 femenino"]
[Site "Al-Ain UAE"]
[Date "2013.12.20"]
[Round "3.13"]
[White "Monnisha, Gk"]
[Black "Imanly, Magrura"]
[Result "1/2-1/2"]
[WhiteElo "2180"]
[BlackElo "1786"]
[PlyCount "88"]
[EventDate "2013.12.19"]
[EventType "swiss"]
[EventRounds "11"]
[EventCountry "UAE"]
[Source "lmi"]
[SourceDate "2013.12.19"]

1. e4 e6 2. d4 d5 3. Nc3 Bb4 4. e5 c5 5. a3 Bxc3+ 6. bxc3 Ne7 7. h4 Qa5 8. Bd2
Nbc6 9. Qb1 a6 10. Nf3 Qa4 11. Qb3 Qxb3 12. cxb3 cxd4 13. cxd4 Bd7 14. h5 h6
15. Bc3 Rc8 16. Kd2 f6 17. exf6 gxf6 18. Bd3 Rg8 19. g3 Kf7 20. Rae1 Na7 21.
Bb2 Nb5 22. Rh4 Nd6 23. Rf4 Kg7 24. a4 Nf7 25. Rh4 Nc6 26. Rhh1 Nb4 27. Bb1 Ng5
28. Nxg5 fxg5 29. f4 gxf4 30. gxf4 Kf6 31. Rhg1 Nc6 32. Ba3 b5 33. Bd6 bxa4 34.
bxa4 Na5 35. Be5+ Kf7 36. Bg6+ Ke7 37. Bh7 Nc4+ 38. Ke2 Rxg1 39. Rxg1 Nxe5 40.
fxe5 Bxa4 41. Rg7+ Kd8 42. Bd3 Be8 43. Bg6 Bb5+ 44. Kd2 Rc4 1/2-1/2

[Event "Wch Juvenil 2013 sub-16 femenino"]
[Site "Al-Ain UAE"]
[Date "2013.12.20"]
[Round "3.14"]
[White "Gholami Orimi, Anahita"]
[Black "Rodionova, Polina"]
[Result "0-1"]
[WhiteElo "1817"]
[BlackElo "2095"]
[PlyCount "86"]
[EventDate "2013.12.19"]
[EventType "swiss"]
[EventRounds "11"]
[EventCountry "UAE"]
[Source "lmi"]
[SourceDate "2013.12.19"]

1. d4 Nf6 2. c4 g6 3. Nc3 Bg7 4. e4 d6 5. f3 O-O 6. Be3 c5 7. Nge2 Nc6 8. Qd2
cxd4 9. Nxd4 Bd7 10. Be2 a5 11. O-O Nxd4 12. Bxd4 Bc6 13. Rac1 Nd7 14. Be3 Nc5
15. Rfd1 a4 16. Bf1 Qa5 17. Nd5 Bxd5 18. cxd5 Qxd2 19. Rxd2 a3 20. bxa3 Rxa3
21. Bxc5 dxc5 22. Rdc2 Bd4+ 23. Kh1 Rfa8 24. Bc4 g5 25. h3 h5 26. Kh2 h4 27.
Rb1 R8a7 28. Rb5 Re3 29. Rb1 Kg7 30. Rf1 Ra5 31. Rb1 Be5+ 32. Kg1 b5 33. Be2
Bd4 34. Kf1 c4 35. Ke1 Rea3 36. Kd1 Kf6 37. Rd2 Ke5 38. Bf1 Bc3 39. Re2 Kd4 40.
Kc1 Rxa2 41. Rxa2 Rxa2 42. Rxb5 Rf2 43. Bxc4 Kxc4 0-1

[Event "Wch Juvenil 2013 sub-16 femenino"]
[Site "Al-Ain UAE"]
[Date "2013.12.20"]
[Round "3.15"]
[White "Hua, Margaret"]
[Black "Vanagaite, Giedre"]
[Result "0-1"]
[WhiteElo "1922"]
[BlackElo "2017"]
[PlyCount "82"]
[EventDate "2013.12.19"]
[EventType "swiss"]
[EventRounds "11"]
[EventCountry "UAE"]
[Source "lmi"]
[SourceDate "2013.12.19"]

1. e4 c5 2. Nf3 e6 3. d4 cxd4 4. Nxd4 a6 5. Bd3 Nf6 6. Nc3 Qc7 7. O-O b5 8. a4
b4 9. Nce2 Bb7 10. c3 Bxe4 11. Bxe4 Nxe4 12. Qc2 Qb7 13. Be3 Be7 14. Nb3 bxc3
15. bxc3 O-O 16. Rfd1 Nf6 17. c4 Rc8 18. a5 d5 19. c5 Nbd7 20. Rdc1 Ne5 21. Bd4
Nc4 22. Nd2 Bxc5 23. Bxf6 Nxd2 24. Qxd2 gxf6 25. Rc3 Kh8 26. Rh3 Bf8 27. Nf4
Rab8 28. Qd3 f5 29. Rf1 Bg7 30. Qe2 Rc3 31. Rh4 Qe7 32. g3 Bf6 33. Rh3 Bg5 34.
Qh5 h6 35. Ne2 Rc2 36. f4 Bf6 37. Qxh6+ Kg8 38. Qh5 Qc5+ 39. Kh1 Qc4 40. Re1
Qe4+ 41. Kg1 Bd4+ 0-1

[Event "Wch Juvenil 2013 sub-16 femenino"]
[Site "Al-Ain UAE"]
[Date "2013.12.20"]
[Round "3.16"]
[White "Narzikulova, Gulhae"]
[Black "Rojikova, Lenka"]
[Result "1-0"]
[WhiteElo "1769"]
[BlackElo "1943"]
[PlyCount "83"]
[EventDate "2013.12.19"]
[EventType "swiss"]
[EventRounds "11"]
[EventCountry "UAE"]
[Source "lmi"]
[SourceDate "2013.12.19"]

1. d4 Nf6 2. c4 g6 3. Nc3 d5 4. Nf3 Bg7 5. cxd5 Nxd5 6. Na4 O-O 7. e4 Nf6 8.
Bd3 Bg4 9. Be3 Nc6 10. Bb1 e5 11. d5 Bxf3 12. gxf3 Na5 13. Bd3 b6 14. Rc1 Qd7
15. Ba6 Rab8 16. Qc2 Rfd8 17. Bg5 h6 18. Bxf6 Bxf6 19. b4 Bg5 20. Rd1 Nb7 21.
Ke2 Nd6 22. h4 Bf4 23. Rhg1 h5 24. Rd3 Nb5 25. Bxb5 Qxb5 26. Qb3 Kg7 27. Nb2 c5
28. bxc5 Qxc5 29. Rc3 Qe7 30. Rh1 Rdc8 31. Nd3 Bh6 32. Nb4 Rxc3 33. Qxc3 Re8
34. Nc6 Qc7 35. Rd1 f6 36. d6 Qd7 37. Nb4 Rc8 38. Qxc8 Qxc8 39. d7 Qc4+ 40. Rd3
Qxb4 41. d8=Q Qb2+ 42. Kf1 1-0

[Event "Wch Juvenil 2013 sub-16 femenino"]
[Site "Al-Ain UAE"]
[Date "2013.12.20"]
[Round "3.17"]
[White "Derakhshani, Dorsa"]
[Black "Gomez Camacho, Micaela"]
[Result "1-0"]
[WhiteElo "2087"]
[BlackElo "1898"]
[PlyCount "65"]
[EventDate "2013.12.19"]
[EventType "swiss"]
[EventRounds "11"]
[EventCountry "UAE"]
[Source "lmi"]
[SourceDate "2013.12.19"]

1. e4 c5 2. Nf3 d6 3. d4 cxd4 4. Nxd4 Nf6 5. Nc3 a6 6. Bc4 e6 7. O-O b5 8. Bb3
Be7 9. f4 O-O 10. e5 Ne8 11. Qf3 d5 12. f5 Bc5 13. Be3 Qb6 14. Nce2 Nc6 15.
fxe6 fxe6 16. Qxf8+ Bxf8 17. Rxf8+ Kxf8 18. Nxe6+ Bxe6 19. Bxb6 Nxe5 20. Nf4
Bf7 21. Bc5+ Kg8 22. Nxd5 Nf6 23. Nc7 Rc8 24. Nxa6 Bxb3 25. axb3 Ned7 26. b4
Ne4 27. Ra5 Rd8 28. Bd4 Nd2 29. b3 Rf8 30. Ra1 g5 31. Nc7 Rf5 32. Rd1 Ne4 33.
Rf1 1-0

[Event "Wch Juvenil 2013 sub-16 femenino"]
[Site "Al-Ain UAE"]
[Date "2013.12.20"]
[Round "3.18"]
[White "Schnegg, Anna-Lena"]
[Black "Vidic, Teja"]
[Result "0-1"]
[WhiteElo "2075"]
[BlackElo "1882"]
[PlyCount "64"]
[EventDate "2013.12.19"]
[EventType "swiss"]
[EventRounds "11"]
[EventCountry "UAE"]
[Source "lmi"]
[SourceDate "2013.12.19"]

1. e4 c5 2. Nf3 d6 3. d4 cxd4 4. Nxd4 Nf6 5. Nc3 Nc6 6. Bg5 e6 7. Be2 a6 8. Qd2
Bd7 9. O-O-O b5 10. Bf3 Ne5 11. Be2 b4 12. Nb1 Nxe4 13. Bxd8 Nxd2 14. f4 Nc6
15. Nxc6 Bxc6 16. Ba5 Nxb1 17. Kxb1 d5 18. Rd4 Bc5 19. Rdd1 Kd7 20. c3 Rhb8 21.
Kc2 Ra7 22. Rhf1 Ke7 23. c4 dxc4 24. Bxc4 Bxg2 25. Rfe1 Bh3 26. b3 Bf5+ 27. Bd3
Bxd3+ 28. Rxd3 Rd7 29. Red1 Rxd3 30. Kxd3 Bd6 31. Kc4 Rc8+ 32. Kd3 Rc5 0-1

[Event "Wch Juvenil 2013 sub-16 femenino"]
[Site "Al-Ain UAE"]
[Date "2013.12.20"]
[Round "3.20"]
[White "Fiadosenka, Rahneda"]
[Black "Lingur, Zalina"]
[Result "1/2-1/2"]
[WhiteElo "1845"]
[BlackElo "2009"]
[PlyCount "147"]
[EventDate "2013.12.19"]
[EventType "swiss"]
[EventRounds "11"]
[EventCountry "UAE"]
[Source "lmi"]
[SourceDate "2013.12.19"]

1. d4 Nf6 2. g3 d5 3. Bg2 e6 4. Nf3 c5 5. e3 Nc6 6. O-O Be7 7. b3 O-O 8. Bb2 b6
9. Nbd2 Ba6 10. Re1 Rc8 11. c3 Qd7 12. Ne5 Nxe5 13. dxe5 Ne8 14. e4 Nc7 15.
exd5 exd5 16. Qc2 f5 17. f4 Ne6 18. Nf3 g6 19. Rad1 Rfd8 20. h3 d4 21. Kh2 d3
22. Qd2 b5 23. Ba1 Rb8 24. Bb2 h6 25. Rc1 c4 26. Nd4 Rb6 27. Rf1 Bc5 28. Nf3
Rbb8 29. Nh4 Kh7 30. g4 Qf7 31. b4 Bb6 32. Rcd1 Bb7 33. Bc1 a5 34. a3 axb4 35.
axb4 Bxg2 36. Qxg2 Rbc8 37. Bd2 Rd7 38. Ra1 Ra7 39. Qd5 Rxa1 40. Rxa1 Qe7 41.
Nf3 fxg4 42. hxg4 Rb8 43. f5 gxf5 44. gxf5 Qf7 45. Qe4 Qh5+ 46. Qh4 Qxf5 47.
Qxh6+ Kg8 48. Nh4 Qxe5+ 49. Kh3 Bf2 50. Qg6+ Ng7 51. Rf1 Bxh4 52. Qf7+ Kh7 53.
Bf4 Qf5+ 54. Qxf5+ Nxf5 55. Bxb8 Ne3 56. Rf7+ Kg6 57. Rd7 Be1 58. Bf4 Nc2 59.
Kg2 Bxc3 60. Rd5 Nxb4 61. Rxb5 d2 62. Bxd2 Bxd2 63. Kf3 Nd3 64. Ke2 Bg5 65. Kd1
Bf6 66. Rd5 Nb4 67. Rc5 c3 68. Rc4 Nd5 69. Rc5 Nb4 70. Rc4 Nd5 71. Rc5 Ne3+ 72.
Ke2 Nc2 73. Rxc3 Nd4+ 74. Kd3 1/2-1/2

[Event "Wch Juvenil 2013 sub-16 femenino"]
[Site "Al-Ain UAE"]
[Date "2013.12.20"]
[Round "3.21"]
[White "Heinemann, Josefine"]
[Black "Alijanzadeh, Mohadeseh"]
[Result "0-1"]
[WhiteElo "2008"]
[BlackElo "1846"]
[PlyCount "100"]
[EventDate "2013.12.19"]
[EventType "swiss"]
[EventRounds "11"]
[EventCountry "UAE"]
[Source "lmi"]
[SourceDate "2013.12.19"]

1. e4 c5 2. Nf3 d6 3. d4 cxd4 4. Nxd4 Nf6 5. Nc3 g6 6. Be3 Bg7 7. f3 Nc6 8. Qd2
O-O 9. O-O-O d5 10. Kb1 Rb8 11. Ndb5 a6 12. Na7 e6 13. g4 Re8 14. g5 Nh5 15.
exd5 exd5 16. Nxc8 d4 17. Bf2 Rxc8 18. Ne4 Qc7 19. Bh3 Rcd8 20. Bg4 f5 21. gxf6
Nxf6 22. Nxf6+ Bxf6 23. h4 Na5 24. Rhe1 Nc4 25. Qb4 Ne3 26. Rc1 Kh8 27. h5 g5
28. Qb3 Qf4 29. Rg1 Nxg4 30. Bg3 Qe3 31. fxg4 Qxb3 32. axb3 Re2 33. Rce1 d3 34.
Rxe2 dxe2 35. Re1 Rd1+ 36. Ka2 Rd2 37. Kb1 Rd1+ 38. Ka2 Rd2 39. Kb1 Bd4 40. c3
Be3 41. b4 Kg7 42. Kc1 Kf6 43. c4 Ke6 44. Kb1 Kf6 45. Kc1 h6 46. b5 axb5 47.
cxb5 Ke6 48. b6 Kd5 49. Kb1 Ke4 50. Rc1 Rd1 0-1